000
00212nam a22000857a 4500
008
160820b xxu||||| |||| 00| 0 eng d
100
_9
192
_a
Austen J
245
_a
Pride and Prejudice
260
_a
New York
_b
Baronet Books
999
_c
2850
_d
2850